Statistics for The 1975 - Sincerity Is Scary

Click here to take the quiz!

General Stats

  • This quiz has been taken 16 times
  • The average score is 191 of 251

Answer Stats

Answer% Correct
a
100%
girl
100%
I
100%
that
100%
the
100%
always
88%
And
88%
and
88%
another
88%
are
88%
be
88%
can't
88%
Cause
88%
each
88%
ends
88%
friends
88%
go
88%
hating
88%
I'm
88%
it
88%
just
88%
like
88%
lovers?
88%
not
88%
of
88%
"Oh
88%
Oh
88%
other
88%
say
88%
some
88%
sure
88%
that's
88%
us
88%
we
88%
when
88%
When
88%
who
88%
why
88%
Why
88%
with
88%
You
88%
you
88%
your
88%
your-
88%
you're
88%
am
75%
assuming
75%
balloon
75%
believe
75%
blame
75%
culture
75%
gonna
75%
got
75%
human
75%
I'll
75%
in
75%
In
75%
Instead
75%
is
75%
I've
75%
lack
75%
me
75%
more
75%
most
75%
on
75%
one
75%
out
75%
postmodern
75%
sexist
75%
shame"
75%
something
75%
start
75%
substance
75%
thing
75%
to
75%
was
75%
way
75%
what
75%
because
63%
best
63%
calling
63%
consuming
63%
control
63%
having
63%
how
63%
irony
63%
it's
63%
It's
63%
mask
63%
off
63%
okay
63%
pain
63%
perceived
63%
pied
63%
pissed
63%
pulling
63%
putting
63%
should
63%
stops
63%
suppose
63%
try
63%
would
63%
After
50%
all
50%
at
50%
bit
50%
child
50%
conceiving
50%
could
50%
cramp
50%
dirty
50%
don't
50%
feel
50%
feelings?
50%
for
50%
hand
50%
have
50%
intermediately
50%
leave
50%
let
50%
liked
50%
messing)
50%
(Nah
50%
own
50%
remove
50%
running
50%
self
50%
show
50%
sket
50%
spoon
50%
style
50%
things
50%
you'll
50%
deceiving
38%
front
38%
Keep
38%
my
38%
only
38%
referential
38%
versed
38%
wanted
25%

Score Distribution

Percentile by Number Answered

Percent of People with Each Score

Your Score History

You have not taken this quiz